| 000 | 00545 a2200193 4500 | ||
|---|---|---|---|
| 005 | 20240709141352.0 | ||
| 008 | 240709b |||||||| |||| 00| 0 eng d | ||
| 020 |
_a9781032408910 _c£ 14.99 |
||
| 040 | _aMAIN | ||
| 082 |
_a570.285 _bI5B |
||
| 100 | _aIsmail, Hamid D | ||
| 245 | _aBioinformatics: A practical guide to next generation sequencing data analysis | ||
| 260 |
_bCRC Press _c2023 _aBoca Raton |
||
| 300 | _axvii, 330 | ||
| 650 | _aBioinformatics | ||
| 650 | _aGentics-Technique | ||
| 650 | _aNucleotide Sequence | ||
| 942 | _cBK | ||
| 999 |
_c311791 _d311791 |
||